Talks with Sri Ramana Maharshi. (Record no. 66805)

MARC details
000 -LEADER
fixed length control field 00688cam a22002171 4500
001 - CONTROL NUMBER
control field sa 65010520
003 - CONTROL NUMBER IDENTIFIER
control field DLC
005 - DATE AND TIME OF LATEST TRANSACTION
control field 20260227112209.0
008 - FIXED-LENGTH DATA ELEMENTS--GENERAL INFORMATION
fixed length control field 791029s1963 ii c 000 0 eng
010 ## - LIBRARY OF CONGRESS CONTROL NUMBER
LC control number sa 65010520
035 ## - SYSTEM CONTROL NUMBER
System control number (OCoLC)5619566
040 ## - CATALOGING SOURCE
Original cataloging agency DLC
Transcribing agency LU
Modifying agency LU
-- DLC
050 00 - LIBRARY OF CONGRESS CALL NUMBER
Classification number BL1146.R35
Item number A33 1963
100 0# - MAIN ENTRY--PERSONAL NAME
Personal name Ramana,
Titles and words associated with a name Maharshi.
245 10 - TITLE STATEMENT
Title Talks with Sri Ramana Maharshi.
Statement of responsibility, etc. [Recorded by Swami Ramananda Saraswati]
250 ## - EDITION STATEMENT
Edition statement 3d ed.
260 ## - PUBLICATION, DISTRIBUTION, ETC.
Place of publication, distribution, etc. Tiruvannamalai,
Name of publisher, distributor, etc. T. N. Venkataraman, manager-president, Sri Ramanasramam,
Date of publication, distribution, etc. 1963.
300 ## - PHYSICAL DESCRIPTION
Extent x, 748, xxi p.
Other physical details col. port.
Dimensions 20 cm.
650 #0 - SUBJECT ADDED ENTRY--TOPICAL TERM
Topical term or geographic name entry element Hinduism.
700 0# - ADDED ENTRY--PERSONAL NAME
Personal name Rāmānandasarasvatī,
Titles and other words associated with a name Swami,
Dates associated with a name 1867-1936.

No items available.

Powered by Koha